000 00671nam a2200265Ia 4500
005 20260302115903.0
008 008 260114s9999 xx 000 0 eng d
020 _a9781509936625
037 _aTextbook
040 _aCRL
040 _beng
040 _cCRL
041 _2eng
041 _aeng
084 _qCRL
100 _aKirk W Junker
_91122971
245 0 _aUS Law for Civil Lawyers A Practical Reference Guide
260 _bBloomsbury
260 _bNomos/Hart
260 _c2021
650 _aLaw
856 _uhttps://doi.org/10.5040/9781509936625?locatt=label:secondary_bloomsburyCollections
942 _cEBOOK
999 _c1687808
_d1687808